The rise and fall of a Palestinian dynasty : (Record no. 107158)
[ view plain ]
| 000 -LEADER | |
|---|---|
| fixed length control field | 00884cam a2200253 a 4500 |
| 001 - CONTROL NUMBER | |
| control field | 16153812 |
| 005 - DATE AND TIME OF LATEST TRANSACTION | |
| control field | 20180830111435.0 |
| 008 - FIXED-LENGTH DATA ELEMENTS--GENERAL INFORMATION | |
| fixed length control field | 100325s2010 cauabfcj b 001 0ceng d |
| 020 ## - INTERNATIONAL STANDARD BOOK NUMBER | |
| International Standard Book Number | 9780520268395 |
| 020 ## - INTERNATIONAL STANDARD BOOK NUMBER | |
| International Standard Book Number | 0520268393 |
| 040 ## - CATALOGING SOURCE | |
| Transcribing agency | PK-LaUMT |
| 082 00 - DEWEY DECIMAL CLASSIFICATION NUMBER | |
| Classification number | 956.940340922 |
| Edition number | 23 |
| Item number | PAP-R |
| 100 1# - MAIN ENTRY--PERSONAL NAME | |
| Personal name | Pappe, Ilan |
| 245 14 - TITLE STATEMENT | |
| Title | The rise and fall of a Palestinian dynasty : |
| Remainder of title | the Husaynis, 1700-1948 / |
| Statement of responsibility, etc | Ilan Pappe ; [translated from the Hebrew by Yael Lotan] |
| 260 ## - PUBLICATION, DISTRIBUTION, ETC. (IMPRINT) | |
| Place of publication, distribution, etc | Berkeley, Calif. : |
| Name of publisher, distributor, etc | University of California Press, |
| Date of publication, distribution, etc | 2010 |
| 300 ## - PHYSICAL DESCRIPTION | |
| Extent | 399 p., [8] p. of plates : |
| Other physical details | ill., maps, ports., genealogical tables ; |
| Dimensions | 24 cm. |
| 650 #0 - SUBJECT ADDED ENTRY--TOPICAL TERM | |
| Topical term or geographic name as entry element | Palestinian Arabs |
| 650 #0 - SUBJECT ADDED ENTRY--TOPICAL TERM | |
| Topical term or geographic name as entry element | Political leadership |
| Geographic subdivision | Palestine |
| General subdivision | History. |
| 650 #0 - SUBJECT ADDED ENTRY--TOPICAL TERM | |
| Topical term or geographic name as entry element | Nationalism |
| Geographic subdivision | Middle East. |
| 650 #0 - SUBJECT ADDED ENTRY--TOPICAL TERM | |
| Topical term or geographic name as entry element | Jewish-Arab relations. |
| 650 #0 - SUBJECT ADDED ENTRY--TOPICAL TERM | |
| Topical term or geographic name as entry element | Arab-Israeli conflict. |
| 700 1# - ADDED ENTRY--PERSONAL NAME | |
| Personal name | Lotan, Yael, |
| 942 ## - ADDED ENTRY ELEMENTS (KOHA) | |
| Koha item type | Books |
| Withdrawn status | Lost status | Damaged status | Home library | Current library | Date acquired | Full call number | Barcode | Date last seen | Price effective from | Koha item type | Copy number |
|---|---|---|---|---|---|---|---|---|---|---|---|
| UMT Main Campus | UMT Main Campus | 2018-08-30 | 956.940340922 PAP-R | 124127 | 2026-01-27 | 2018-08-30 | Books | ||||
| UMT Main Campus | UMT Main Campus | 2019-05-27 | 956.940340922 PAP-R | 130091 | 2022-05-24 | 2019-05-27 | Books | C. 2 |
